| 000 | 00770cam a22002411 4500 | ||
|---|---|---|---|
| 999 |
_c21849 _d21849 |
||
| 001 | 6118408 | ||
| 003 | BDDh-ASL | ||
| 005 | 20231015030042.0 | ||
| 008 | 790806s1964 pk 000 0 eng | ||
| 010 | _asa 65004548 | ||
| 035 | _a(OCoLC)5242082 | ||
| 040 |
_aDLC _cNOsU _dDLC _dBDDh-ASL |
||
| 042 | _apremarc | ||
| 050 | 0 | 0 |
_aDS383.5.A2 _bB5 |
| 082 |
_a327.547 _bBHF |
||
| 100 | 1 |
_aBhutto, Zulfikar Ali, _d1928-1979. |
|
| 245 | 1 | 0 |
_aForeign policy of Pakistan: _ba compendium of speeches made in the National Assembly of Pakistan 1962-64 / |
| 260 |
_aKarachi: _bPakistan Institute of International Affairs _c[1964] |
||
| 300 |
_a125 p. _c23 cm. |
||
| 651 | 0 |
_aPakistan _xForeign relations. |
|
| 906 |
_a7 _bcbc _coclcrpl _du _encip _f19 _gy-gencatlg |
||
| 942 |
_2ddc _cBK |
||